The book of Indian butterflies / (Record no. 28891)
[ view plain ]
| 000 -LEADER | |
|---|---|
| fixed length control field | 01239nam a22003014a 4500 |
| 005 - DATE AND TIME OF LATEST TRANSACTION | |
| control field | 20090803155859.0 |
| 008 - FIXED-LENGTH DATA ELEMENTS--GENERAL INFORMATION | |
| fixed length control field | 080908s2008 ii a b 001 0 eng |
| 010 ## - LCCN (DPL NO) | |
| LC control number | ENG-94634 |
| 020 ## - INTERNATIONAL STANDARD BOOK NUMBER | |
| International Standard Book Number | 9780195696202 |
| Terms of availability | 1500.00 |
| 020 ## - INTERNATIONAL STANDARD BOOK NUMBER | |
| International Standard Book Number | 0195696204 |
| Terms of availability | 1500.00 |
| 035 ## - SYSTEM CONTROL NUMBER | |
| System control number | EN-78167 |
| 037 ## - SOURCE OF ACQUISITION | |
| Source of stock number/acquisition | DBAD / PUB |
| 040 ## - CATALOGING SOURCE | |
| Original cataloging agency | dpl |
| Language of cataloging | English |
| 082 ## - DEWEY DECIMAL CLASSIFICATION NUMBER | |
| Classification number | 595.7890954 |
| 100 ## - MAIN ENTRY--PERSONAL NAME | |
| Personal name | Kehimkar, Isaac |
| 245 ## - TITLE STATEMENT | |
| Title | The book of Indian butterflies / |
| Statement of responsibility, etc | by Isaac Kehimkar |
| 246 ## - VARYING FORM OF TITLE | |
| Title proper/short title | Indian butterflies |
| 260 ## - PUBLICATION, DISTRIBUTION, ETC. (IMPRINT) | |
| Place of publication, distribution, etc | Mumbai : |
| Name of publisher, distributor, etc | Bombay Natural History Society : |
| -- | Oxford University Press, |
| Date of publication, distribution, etc | 2008 |
| 270 ## - ADDRESS | |
| Address | Hornbill House, Op. Lion Gate, Shaheed Bhagat Singh Road, |
| City | Mumbai |
| Postal code | 400001 |
| 300 ## - PHYSICAL DESCRIPTION | |
| Extent | xvi, 497 p. : |
| Other physical details | col. ill. ; |
| Dimensions | 22cm(Hb) |
| 500 ## - GENERAL NOTE | |
| General note | "Sponsored by Tata Social Welfare Trust." |
| 504 ## - BIBLIOGRAPHY, ETC. NOTE | |
| Bibliography, etc | Includes bibliographical references, glossary and index |
| 650 ## - SUBJECT ADDED ENTRY--TOPICAL TERM | |
| Topical term or geographic name as entry element | Butterflies |
| Geographic subdivision | India |
| Form subdivision | Identification. |
| 710 ## - ADDED ENTRY--CORPORATE NAME | |
| Corporate name or jurisdiction name as entry element | Tata Social Welfare Trust. |
| 710 ## - ADDED ENTRY--CORPORATE NAME | |
| Corporate name or jurisdiction name as entry element | Bombay Natural History Society. |
| 942 ## - ADDED ENTRY ELEMENTS (KOHA) | |
| Source of classification or shelving scheme | Dewey Decimal Classification |
| Item type | English Books |
| Call number suffix | KEH |
| Classification part | 595.7890954 |
| Withdrawn status | Lost status | Source of classification or shelving scheme | Damaged status | Not for loan | Collection code | Home library | Current library | Date acquired | Source of acquisition | Cost, normal purchase price | Total Checkouts | Full call number | Barcode | Date last seen | Copy number | Cost, replacement price | Koha item type |
|---|---|---|---|---|---|---|---|---|---|---|---|---|---|---|---|---|---|
| Dewey Decimal Classification | Not For Loan | Non-fiction | D.B.Act.Division | D.B.Act.Division | 03/08/2009 | DBAD / PUB | 1500.00 | 595.7890954 KEH | EN-78167 | 03/08/2009 | 1 | 1500.00 | English Books |
